| 000 | 00389 a2200109 4500 | ||
|---|---|---|---|
| 001 | ART_17330 | ||
| 005 | 20260410161819.0 | ||
| 008 | 260409a | ||
| 245 | 1 | 0 | _aLa intervención del fiscal en la investigación y juzgamiento de los delitos tributarios. |
| 100 | 1 | _aRobiglio, Carolina L. | |
| 773 | 0 |
_tDoctrina Penal Tributaria y Económica _g- Nº 7 (jul. 2008) _wREV4317 |
|
| 999 |
_c22179 _d22179 |
||